| 000 | 00653nam a2200253 a 4500 | ||
|---|---|---|---|
| 001 | nice12345678 | ||
| 003 | IN_TiNIC | ||
| 005 | 20260116013508.0 | ||
| 008 | 050524s1989 n.ya grp 000 0 eng | ||
| 020 |
_a _c1050 |
||
| 082 | 0 | 0 |
_a297.5 _bANE |
| 100 | _aAnees, Munawar Ahmad | ||
| 245 |
_aIslam and Biological Futures _b Ethics, Gender and Technology |
||
| 260 |
_aN.York _bMansell Pub _c1989 |
||
| 300 | _a286p | ||
| 500 | _aincludes index and biblioraphy | ||
| 505 | 2 | _aGlossary | |
| 650 | _aIslam-Doctrines | ||
| 650 | _aSex-Religious Aspects | ||
| 700 | 1 | _aAnees, Munawar Ahmad | |
| 902 | _bSRS | ||
| 942 | _cBK | ||
| 999 |
_c11205 _d11205 |
||